| 000 | 00889nam0a22002291i 4500 | ||
|---|---|---|---|
| 001 | rc\1180335 | ||
| 005 | 20240726052547.0 | ||
| 035 | _a(NLR Aleph) 006422510 | ||
| 090 |
_a5463573 _c5463573 |
||
| 100 | _a20041129d1980 u |0rusy50 ca | ||
| 101 | 0 | _arus | |
| 102 | _aRU | ||
| 105 | _ay ||||||||| | ||
| 200 | 1 |
_aИзучение факторов клеточного иммунитета у больных хроническими заболеваниями печени _e(Клинико-иммунол. исслед.) _eАвтореф. дис. на соиск. учен. степ. канд. мед. наук _e(14.00.05) |
|
| 210 |
_aМ. _d1980 |
||
| 215 | _a15 с. | ||
| 300 | _aВ надзаг.: I Моск. мед. ин-т им. И.М. Сеченова | ||
| 700 | 0 | _aКо Ун Бон | |
| 801 | 0 |
_aRU _bNLR _gpsbo |
|
| 801 | 1 |
_aRU _bELAR _2rusmarc |
|
| 852 |
_aNLR _j81-4/14595 |
||
| 942 | _cBOOK | ||